Quizzes
Events
Quiz Creation
Community
Videos
Private Events
Remove Ads
Sign In
Join for FREE
Feedback
Dark Mode
Quiz Categories
Sports
Geography
Music
Movies
Television
Just For Fun
Miscellaneous
History
Literature
Language
Science
Gaming
Entertainment
Religion
Holiday
For Kids
Quiz Lab
Recent
Popular Today
Quiz Kudos Today
Editor Picks
Curator Picks
Quizzes by...
Day
Popularity
Type
Ratings
Length
Year
Community
Subscriptions
Recent Discussions
Orange Saloon
Badges
Playlists
Quests
Create
Leaderboards
Showdown
Live 5
Trivia Bingo
Activity
Puzzle Library
Sporcle Events
Private Events
Virtual Trivia
Globe League
Become a Host
Pub Owners
SporcleCon
Opinionation
Our Games
Videos
Blog
Mobile Apps
Partnerships
Remove Ads and Go Orange
Feedback
Gaming
Video Games
Board Games
Card Games
Pokémon
Mario
Nintendo
Minecraft
Console
Toys
Legend of Zelda
Gaming
Video Games
Board Games
Card Games
Pokémon
Mario
Nintendo
Minecraft
Console
Toys
Legend of Zelda
Random Quiz
Search Sporcle
×
Quiz Lab
Quiz Lab
Gaming
steam
Type in answers that appear in a list
Type in answers that appear in a list
Classic
Best Score? Go Orange.
Terraria:Achievements Stats
Can you name all Terraria:Achievements?(Steam and GOG)
By
SolarLightSun
20m
88 Questions
23 Plays
23 Plays
23 Plays
Comments
Comments
Give Quiz Kudos
Give Quiz Kudos
-
- Ratings
hide this ad
Replay
Link that replays current quiz
Next Quiz
Link to next quiz in quiz playlist
You Got
0%
They Got
Avg Score
39%
Avg Friend Score
Upgrade to see
Score Distribution
Jump to the score distribution portion of the page
Score
0/88
Timer
20:00
0
Plays Today
Achievements
% Correct
Timber
78.3%
No Hobo
69.6%
Ooo! Shiny!
60.9%
Champion of Terraria
56.5%
Eye on You
52.2%
Still Hungry
52.2%
Supreme Helper Minion!
52.2%
Heart Breaker
47.8%
Smashing,Poppet!
47.8%
Worm Fodder
47.8%
Mastermind
47.8%
Where's My Honey?
47.8%
Sting Operation
47.8%
Boned
47.8%
Dungeon Heist
47.8%
It's Hard!
47.8%
Extra Shiny!
47.8%
Mecha Mayhem
47.8%
Dye Hard
47.8%
Slayer of Worlds
47.8%
Stop! Hammer Time!
43.5%
Heavy Metal
43.5%
Temple Raider
43.5%
Fish Out of Water
43.5%
Obsessive Devotion
43.5%
Star Destroyer
43.5%
Slippery Shinobi
43.5%
Goblin Punter
43.5%
There are Some Who Call Him...
43.5%
The Cavalry
43.5%
Achievements
% Correct
Rainbows and Unicorns
43.5%
Good Little Slave
43.5%
You Can Do It!
43.5%
Matching Attire
43.5%
Star Power
39.1%
It's Getting Hot in Here
39.1%
Begone,Evil!
39.1%
The Great Southern Plantkill
39.1%
Lihzahrdian Idol
39.1%
Big Booty
39.1%
Walk the Plank
39.1%
Tin-Foil Hatter
39.1%
Ice Scream
39.1%
Not the Bees!
39.1%
Into Orbit
39.1%
Gelatin World Tour
39.1%
Deceiver of Fools
39.1%
Throwing Lines
39.1%
It Can Talk?!
39.1%
I Am Loot
34.8%
Head in the Clouds
34.8%
Buckets of Bolts
34.8%
Robbing the Grave
34.8%
Bloodbath
34.8%
Baleful Harvest
34.8%
Real Estate Agent
34.8%
Jeepers Creepers
34.8%
Funkytown
34.8%
Rock Bottom
34.8%
Vehicular Manslaughter
34.8%
Achievements
% Correct
Sword of the Hero
34.8%
Lucky Break
34.8%
Sick Throw
34.8%
Pretty in Pink
34.8%
You and What Army?
34.8%
Prismancer
34.8%
Glorious Golden Pole
34.8%
Hold on Tight!
30.4%
Miner for Fire
30.4%
Like a Boss
30.4%
Drax Attax
30.4%
Get a Life
30.4%
Kill the Sun
30.4%
Do You Want to Slay a Snowman?
30.4%
Sticky Situation
30.4%
Watch Your Step!
30.4%
Trout Monkey
30.4%
Fast and Fishious
30.4%
Fashion Statement
26.1%
Bulldozer
26.1%
The Frequent Flyer
26.1%
Archaeologist
26.1%
Marathon Medalist
26.1%
Servant-in-Training
26.1%
Topped Off
26.1%
Photosynthesis
21.7%
Completely Awesome
21.7%
Till Death...
17.4%
Quiz Playlist
Details
Report
Send in Message
Add To Playlist
Classic:
Type in answers that appear in a list
Last Updated: Feb 16, 2017
Quiz Scoreboard
CHALLENGE
Sign Up to Join the Scoreboard
Show All
Scores
Hide
Comments
May contain spoilers
Recently Published
Movies - When Are They Set?
by FPL_Elf
Movies
5m
Popular People in 1961
by mucciniale
History
6m
1-10 Letter E Words III
by El_Dandy
Language
2m
More to Explore
Quiz From the Vault
Featured Blog Post
Where Did the Easter Bunny Come From?
hide this ad
You Might Also Like...
Tags
Achievement
steam
Today's Top Quizzes in Gaming
Browse Gaming
hide this ad
Today's Top Quizzes in steam
Browse steam
Top Contributed Quizzes in Gaming
1
Destiny 2 exotic weapons by perk icons
2
Ultimate Genshin Impact Logic Puzzle (up to 4.3)
3
Genshin Impact Logic Puzzle Quiz
4
Who's on the WWE 2K24 Cover?
5
Windmill: Pokémon
6
Franchise by Action Figure
7
Legendary or Exotic?
8
Overwatch 2: Ultimate Ability Icons
9
Overwatch 2 Heroes by Selection Quote
10
Genshin murder mystery
Explore More
Trending Topics
Disney
Kpop
Anime
Harry Potter
Marvel
Crossword
NBA
NFL
Country
Song
Puzzle
WWE
Soccer
Pokémon
The Office
hide this ad
More By:
SolarLightSun
Quiz
Plays
Rating
Category
Featured
Created
One Piece: Devil Fruits
2,826
4.20
Entertainment
Jan 19, 2017
Guess that Gen 7 Pokemon (Hot/Cold)
1,433
2.88
Gaming
Dec 15, 2016
Battle Cats: Normal🐾
1,357
5.00
Gaming
Mar 15, 2017
Pokemon: Z Moves
1,153
5.00
Gaming
Nov 25, 2016
Pokemon:Alola Forms
755
5.00
Gaming
Aug 20, 2016
Go to Creator's Profile
Score Distribution
Quiz Creator Spotlight
SolarLightSun
Follow
Send a Message
Quizzes Created
-
Created Quiz Play Count
-
More By This Creator
Popular Quizzes Today
1
Find the Countries of Europe - No Outlines Minefield
2
Find the US States - No Outlines Minefield
3
The Countries of the World
4
Popular People in 1961
5
1-10 Letter E Words III
6
US States
7
Find the US States
8
One Thing in Common: World Cities II
More Gaming Quizzes
Fortnite Battle Royale: Emote by Gif
Editor's Pick
Trending Quizzes
Risky Map Clicking: Least Populous States A-Z
Humor Books: The Subtitles
1-10 Letter F Words
1-10 Letter G Words
One Thing in Common: United Kingdom
Recently Updated
Leaping Animals
pecheneg
Reality TV Shows (A-Z)
bhenderson79
Rickey Henderson's Hall of Fame Teammates
pecheneg
Champions League XIs: Arsenal
pecheneg
Quick Pick: Celebrities in WWE's Hall of Fame
aduchscher
A-Z Keypad Blitz II
pecheneg
Multiple Oscar Actors
pecheneg
Mystery Phrase Blitz: Oscar 'Best Actors'
pecheneg
F. Scott Fitzgerald Novels
LTH
Pick 3 Villains
ddd62291
Trending Topics
Marvel
Anime
Kpop
Crossword
NBA
Disney
Harry Potter
Pokémon
Puzzle
Country
Song
Soccer
NFL
WWE
The Office
Your Account Isn't Verified!
In order to create a playlist on Sporcle, you need to verify the email address you used during registration. Go to your
Sporcle Settings
to finish the process.
Report this User
Report this user for behavior that violates our
Community Guidelines
.
Details:
Send Report
Go to the Sporcle.com Mobile Site →
Comments